Tiny Movie Characters Quiz Stats

 Plays Quiz Updated Jul 10, 2016

Challenge
Share
Tweet
Score 0/25 Timer 05:00
0 Plays Today
% Correct
Peter Pan
97.6%
Monsters University
96%
A Bug's Life
95.9%
The Smurfs Movie
92.6%
Gremlins 2: The New Batch
92%
Toy Story
91.8%
Ratatouille
91.1%
Night at the Museum: Secret of the Tomb
90.7%
Bee Movie
83.1%
Pinocchio
82.2%
Antz
78.7%
The SpongeBob Movie: Sponge Out of Water
75%
Honey, I Shrunk the Kids
74.9%
% Correct
Gulliver's Travels
74.3%
Rango
73.7%
Ant-Man
70.5%
The Rescuers
66.7%
Gnomeo & Juliet
61.7%
Tangled
57.1%
The Great Mouse Detective
48.7%
Mulan
45.9%
9
35.1%
Small Soldiers
31.5%
Men in Black II
30.9%
The Secret of Nimh
19.1%

You're not logged in!

Compare scores with friends on all Sporcle quizzes.
Join for Free
OR
Log In

You Might Also Like...

Show Comments

Extras

Top Quizzes Today


Score Distribution

Your Account Isn't Verified!

In order to create a playlist on Sporcle, you need to verify the email address you used during registration. Go to your Sporcle Settings to finish the process.

Report this User

Report this user for behavior that violates our Community Guidelines.

Details: